| 000 | 01012nas a2200349 4500 | ||
|---|---|---|---|
| 001 | BR0603292 | ||
| 003 | BR-BrBNA | ||
| 005 | 20231205110200.0 | ||
| 007 | ta | ||
| 008 | 230509b bl.|||p| |||| 00| 00por d | ||
| 040 |
_aBR-BrBNA _bpor _cBiblioteca Nacional de Agricultura |
||
| 041 | _a(Pt) | ||
| 072 | _aF62; F40 | ||
| 100 | 1 | _aCitadin, I. | |
| 100 | 1 | _aBassani, M.H. | |
| 100 | 1 | _aDanner, M.A. | |
| 100 | 1 | _aMazaro, S.M. | |
| 100 | 1 | _aGouvêa, A. de | |
| 245 | 1 | _aUso de cianamida hidrogenada e óleo mineral na floração, brotação e produção do pessegueiro "Chiripá" | |
| 650 | _aPÊSSEGO | ||
| 650 | _aDORMÊNCIA | ||
| 650 | _aBROTAÇÃO | ||
| 650 | _aFLORAÇÃO | ||
| 650 | _aPRODUTO QUÍMICO | ||
| 650 | _aTRATAMENTO | ||
| 650 | _aCLIMA | ||
| 650 | _aFRIO | ||
| 650 | _aÓLEO MINERAL | ||
| 773 | 0 |
_tRevista Brasileira de Fruticultura (Brazil) _xISSN 0100-2945 _g(Apr 2006), v. 28(1) p. 32-35 _wBR0603292 |
|
| 909 |
_a202311 _bLúcia _c55 _dLúcia Elande |
||
| 942 |
_2AGRIS _n0 _cANA |
||
| 999 |
_c186439 _d186439 |
||